Japan Inc. : Global strategies of Japanese trading corporations

محفوظ في:
التفاصيل البيبلوغرافية
المؤلف الرئيسي: Capone, Michael
التنسيق: كتاب
اللغة:Undetermined
منشور في: London McGraw-Hill 1990
الموضوعات:
الوسوم: إضافة وسم
لا توجد وسوم, كن أول من يضع وسما على هذه التسجيلة!
Thư viện lưu trữ: Trung tâm Học liệu Trường Đại học Cần Thơ
LEADER 00609nam a2200205Ia 4500
001 CTU_89857
008 210402s9999 xx 000 0 und d
082 |a 338.8 
082 |b C246 
100 |a Capone, Michael 
245 0 |a Japan Inc. : 
245 0 |b Global strategies of Japanese trading corporations 
245 0 |c Michael Capone, Tristam Carrrington-Windo, Charles Foot 
260 |a London 
260 |b McGraw-Hill 
260 |c 1990 
650 |a Conglomerate corporations,Trading companies 
650 |z Japan,Japan 
904 |i Giang 
980 |a Trung tâm Học liệu Trường Đại học Cần Thơ